000 00549 a2200181 4500
999 _c10213
_d10213
020 _a9781846558900 (hardback)
020 _a9781910701843 (trade paperback)
050 0 0 _aPR6123.WAR2016
100 1 _aWare, Ruth,
_eauthor.
245 1 4 _aThe woman in cabin 10 /
_cRuth Ware.
264 1 _aLondon :
_bHarvill Secker,
_c2016.
300 _avii, 344 pages ;
500 _alncludes index
650 0 _aWomen journalists
650 0 _aCruise ships
942 _2lcc
_cBK
_h6123
_iWAR
_kPR